Chiaraijima village : land tenure, taxation, and local trade, 1818-1884
Spremljeno u:
| Glavni autor: | |
|---|---|
| Format: | Knjiga |
| Jezik: | Undetermined |
| Izdano: |
Tucson, Ariz.
Published for the Association for Asian Studies by the University of Arizona Press
1965
|
| Teme: | |
| Oznake: |
Dodaj oznaku
Bez oznaka, Budi prvi tko označuje ovaj zapis!
|
| Thư viện lưu trữ: | Trung tâm Học liệu Trường Đại học Cần Thơ |
|---|
| LEADER | 00622nam a2200193Ia 4500 | ||
|---|---|---|---|
| 001 | CTU_86359 | ||
| 008 | 210402s9999 xx 000 0 und d | ||
| 082 | |a 330.952 | ||
| 082 | |b C445 | ||
| 100 | |a Chambliss, William Jones | ||
| 245 | 0 | |a Chiaraijima village : | |
| 245 | 0 | |b land tenure, taxation, and local trade, 1818-1884 | |
| 245 | 0 | |c William Jones Chambliss | |
| 260 | |a Tucson, Ariz. | ||
| 260 | |b Published for the Association for Asian Studies by the University of Arizona Press | ||
| 260 | |c 1965 | ||
| 650 | |a Economic conditions | ||
| 904 | |i Năm | ||
| 980 | |a Trung tâm Học liệu Trường Đại học Cần Thơ | ||